| 000 | 01005nam a2200289 i 4500 | ||
|---|---|---|---|
| 001 | 185421 | ||
| 003 | SpMaBN | ||
| 005 | 20230906222429.0 | ||
| 008 | 160601s1996 mx a |||| | spa d | ||
| 020 | _a968-16-4991-5 | ||
| 080 | _a393(=972.4) | ||
| 080 | _a128(=972.4) | ||
| 100 | 1 |
_aMatos Moctezuma, Eduardo. _9159730 |
|
| 245 | 1 | 0 |
_aMuerte a filo de obsidiana / _cEduardo Matos Moctezuma. |
| 250 |
_a1ª ed. _bFondo de Cultura Económica. |
||
| 260 |
_aMéxico, D.F. : _bAsociación de Amigos del Templo Mayor : _bFCE, _c1996. |
||
| 300 |
_a158 p. : _bil. ; _c23 cm. |
||
| 490 | 1 | _aObras de antropología | |
| 504 | _aBibliografía: p. 153-156. | ||
| 595 | _a1ª ed., 1975, Secretaría de Educación Pública - Sep/Setentas. | ||
| 650 | 7 |
_aNahuas (Indios) _9159732 |
|
| 650 | 0 | 4 |
_aMitología nahua. _9159842 |
| 650 | 4 |
_aMuerte- _xMitología. _9159731 |
|
| 830 | 0 |
_aObras de antropología _9192330 |
|
| 852 |
_aES-MaACL _jL-30307 _z. - Donat. Miguel A. Velasco |
||
| 999 |
_c185421 _d185421 |
||